Study of savings and investment in agriculture (Distt. Moradabad) (Record no. 21420)

MARC details
000 -LEADER
fixed length control field 00527nam a2200157Ia 4500
082 ## - DEWEY DECIMAL CLASSIFICATION NUMBER
Classification number TR.0135
100 ## - MAIN ENTRY--AUTHOR NAME
Personal name Ram Kumar
245 #0 - TITLE STATEMENT
Title Study of savings and investment in agriculture (Distt. Moradabad)
260 ## - PUBLICATION, DISTRIBUTION, ETC. (IMPRINT)
Year of publication 1981
Name of publisher Kanpur University
300 ## - PHYSICAL DESCRIPTION
Number of Pages 165p. + C D-5
650 ## - SUBJECT ADDED ENTRY--TOPICAL TERM
Topical Term SAVING AND INVESTMENT - UTTAR PRADESH - MORADABAD DISTRICT
650 ## - SUBJECT ADDED ENTRY--TOPICAL TERM
Topical Term AGRICULTURAL CREDIT - UTTAR PRADESH - MORADABAD DISTRICT
650 ## - SUBJECT ADDED ENTRY--TOPICAL TERM
Topical Term FARM INCOME - UTTAR PRADESH - MORADABAD DISTRICT
710 ## - ADDED ENTRY--CORPORATE NAME
Corporate name or jurisdiction name as entry element Singh, Ram Iqbal
942 ## - ADDED ENTRY ELEMENTS (KOHA)
Koha item type Thesis
Source of classification or shelving scheme Dewey Decimal Classification
Holdings
Withdrawn status Lost status Damaged status Not for loan Home library Current library Date acquired Bill Date Full call number Accession Number Price effective from Koha item type
        NASSDOC Library NASSDOC Library 08/10/2004 2004-10-22 TR.0135 18568 18/04/2019 Thesis